| 000 | 02137nam a2200565 i 4500 | ||
|---|---|---|---|
| 001 | 53587 | ||
| 003 | KOSZ 005 | ||
| 005 | 20220829135559.0 | ||
| 008 | 220817s2006 pl f f 000 0 pol d | ||
| 020 | _a8389811014 | ||
| 040 |
_cKOSZ 005 _aKOSZ 005 _dKOSZ 005/HR _dKOSZ 005/RW |
||
| 046 | _k2006 | ||
| 080 | _a624.014 | ||
| 080 | _a624.04 | ||
| 080 | _a624.07 | ||
| 080 | _a620.1 | ||
| 080 | _a621.98 | ||
| 080 | _a(075.8) | ||
| 100 | 1 |
_aBródka, Jan _d(1929- ) _eAutor |
|
| 245 | 1 | 0 |
_aKształtowniki gięte : _bporadnik projektanta / _cJan Bródka, Mirosław Broniewicz, Marian Giżejowski ; [recenzent prof. dr hab. inż. Antoni Biegus]. |
| 250 | _aWydanie I. | ||
| 260 |
_aRzeszów : _bPolskie Wydawnictwo Techniczne, _c2006. |
||
| 300 |
_a414 stron : _berrata, fotografie, rysunki, wykresy ; _c25 cm. |
||
| 336 |
_aTekst _btxt _2rdacontent |
||
| 337 |
_aBez urządzenia pośredniczącego _bn _2rdamedia |
||
| 338 |
_aWolumin _bnc _2rdacarrier |
||
| 380 | _aKsiążki | ||
| 380 | _aPublikacje fachowe | ||
| 380 | _aPublikacje dydaktyczne | ||
| 385 |
_mPoziom nauczania _aSzkoły wyższe |
||
| 388 | 1 | _a2001- | |
| 490 | 1 | _aBiblioteka Projektanta | |
| 504 | _aBibliografia na stronach 391-408. Indeks. | ||
| 650 | 7 | _aPręty | |
| 650 | 7 | _aKonstrukcje stalowe | |
| 650 | 7 | _aProjektowanie | |
| 650 | 7 | _aPołączenia konstrukcyjne | |
| 650 | 7 | _aKształtowniki | |
| 655 | 7 | _aPodręczniki akademickie | |
| 658 | _aArchitektura i budownictwo | ||
| 658 | _aInżynieria i technika | ||
| 700 | 1 |
_aBroniewicz, Mirosław _eAutor |
|
| 700 | 1 |
_aGiżejowski, Marian _eAutor |
|
| 700 | 1 |
_aBiegus, Antoni _eRecenzja |
|
| 710 | 2 |
_aPolskie Wydawnictwo Techniczne (Rzeszów) _4pbl |
|
| 830 | 0 | _aBiblioteka Projektanta - Polskie Wydawnictwo Techniczne | |
| 856 |
_uhttp://koha.tu.koszalin.pl/cgi-bin/koha/opac-detail.pl?biblionumber=53587 _yKatalog online BPK |
||
| 942 |
_2UKD _cKS |
||
| 999 |
_c53587 _d53587 |
||